000 01071cab a22002535a 4500
001 L153969
008 110928e20110923xxk 000 0 eng d
035 _a(Sirsi) u153969
041 0 _aeng
100 1 _aDe Waal, Ben
245 0 0 _aCost model
_bresidential
260 _c2011
490 _aBuilding
_v276 (8696) 23 September 2011, 44-49(6)
520 _aOffice-to-residential conversions; costs of turning a commercial space into a home; introduction, the case for office conversions, fiscal policy, public sector participation, key cost drivers, factors that influence design, the cost model, conclusion, location factor.
590 _aKA
651 4 _aUnited Kingdom
_y
690 _aBUILT ENVIRONMENT-BUILDING COSTS
690 _aPROPERTY-COMMERCIAL PROPERTY-OFFICE PROPERTY
690 _aPROPERTY-COMMERCIAL PROPERTY-COMMERCIAL PROPERTY MARKET
690 _aPROPERTY-RESIDENTIAL PROPERTY-RESIDENTIAL PROPERTY MARKET
690 _aPROPERTY-RESIDENTIAL PROPERTY-RESIDENTIAL PROPERTY FINANCE AND INVESTMENT
700 1 _aAmesbury, Chris
942 _n0
999 _c83434
_d83434